Statistics for What were they doing? #2

Click here to take the quiz!

General Stats

  • This quiz has been taken 43 times
    (22 since last reset)
  • The average score is 9 of 16

Answer Stats

ArtistActivity% Correct
Bon Jovi{Livin'} on a Prayer
90%
Carl DouglasKung Fu {Fighting}
85%
ABBA{Knowing} Me, {Knowing} You
75%
Paul Nicholas{Dancing} with the Captain
70%
BeeGeesJive {Talking}
70%
Betty Boo{Doin'} The Do
65%
Beach Boys{Surfin'} USA
65%
Simply Red{Holding} Back the Years
60%
Blondie{Hanging} on the Telephone
55%
Vanity Fare{Hitchin'} a Ride
55%
Johnnie RayJust {Walking} in the Rain
45%
Dire Straits{Calling} Elvis
40%
Elvis Presley{Crying} in the Chapel
40%
BananaramaReally {Saying} Something
35%
Cliff Richard & the Shadows{Travellin'} Light
25%
Johnnie Kidd & the Pirates{Shakin'} All Over
20%

Score Distribution

Percentile by Number Answered

Percent of People with Each Score

Your Score History

You have not taken this quiz since the last reset